00497nam a2200181Ia 4500008004100000020001800041082001600059100001400075245002200089250000600111260002800117300001000145500002400155650001600179942000700195952009600202999001700298230524s9999 xx 000 0 und d a9788190691149 a621.38bGUP aJ.B.Gupta 0aBasic Electronics a1 aNew DelhibKatsonc2010 a525p; aQuantity Number: 1 aElectronics cBK 00104070aTATCLbTATCLcGENd2023-05-24l0o621.38 GUPp53909r2023-05-24w2023-05-24yBK c56482d56482